Statistiken für Haustiere von Streamern

Klicken Sie hier um das Quiz zu spielen!

Allgemein

  • Dieses Quiz wurde 425 mal gespielt
  • Das Durchschnittsergebnis liegt bei 5 aus 20

Antwortstatistiken

Antwort% Korrekt
Rewinside
80%
MontanaBlack
78%
HandOfBlood / mienah
66%
HoneyPuu
52%
Unge
45%
Husarenchris
34%
LeonRedPanda
30%
EliasN97
27%
Shorty
19%
Shushu
17%
xFibii
15%
JenNyan
14%
Sola / JuliMi
13%
MaceZayuri
11%
Lara Loft
10%
Thunny
9%
Amar
8%
Lvcia
6%
Sissor
6%
Chiyuwing
4%

Verteilung der Resultate

Perzentil nach korrekt beantworteten Fragen

Anzahl Personen mit jedem Resultat

Ihre Resultats-Entwicklung

Sie haben dieses Quiz noch nicht gespielt